000 006110000a22001810004500
003 MACL
005 20160220165703.0
008 160220b xxu||||| |||| 00| 0 eng d
040 _aMACL
_cMACL
041 _aHindi
082 _a370/KIC
100 _aकिचलू के. एल
_939321
245 _aगणित शिक्षा के सिद्धान्‍त तथा शिक्षण प्रणाली
260 _bनन्‍दकिशोर एण्‍ड ब्रदर्स
_c1955
_aबनारस
350 _a2
650 _aEducation
_939322
942 _cHIN
_k370
_2ddc
999 _c23907
_d23907